UBT Library

Krahasimi i Programimit ne Databaze me PL/SQL dhe T-SQL (Record no. 45786)

000 -LEADER
fixed length control field 00297nam a22001217a 4500
008 - FIXED-LENGTH DATA ELEMENTS--GENERAL INFORMATION
fixed length control field 180515b xxu||||| |||| 00| 0 eng d
041 ## - LANGUAGE CODE
Language code of text/sound track or separate title eng
080 ## - UNIVERSAL DECIMAL CLASSIFICATION NUMBER
Universal Decimal Classification number 043.3
100 ## - Rafti
Rafti 0
101 ## - Shkurtesa
Shkurtesa SHKI-BA
245 ## - TITLE STATEMENT
Title Krahasimi i Programimit ne Databaze me PL/SQL dhe T-SQL
Statement of responsibility, etc Hoti, A
942 ## - ADDED ENTRY ELEMENTS (KOHA)
Source of classification or shelving scheme
Item type Books
Holdings
Withdrawn status Lost status Source of classification or shelving scheme Damaged status Not for loan Collection code Permanent location Current location Shelving location Date acquired Total Checkouts Full call number Barcode Date last seen Price effective from Koha item type
          Koleksioni i përgjithshem UBT - Lipjan UBT - Lipjan Disertacionet 05/15/2018   043.3 Hoti, A 2014 002-3004219 05/15/2018 05/15/2018 Books
          Koleksioni i përgjithshem UBT - Lipjan UBT - Lipjan Disertacionet 05/15/2018   043.3 Hoti, A 2014 002-3004223 05/15/2018 05/15/2018 Books
          Koleksioni i përgjithshem UBT - Lipjan UBT - Lipjan Disertacionet 05/15/2018   043.3 Hoti, A 2014 002-3004224 05/15/2018 05/15/2018 Books
          Koleksioni i përgjithshem UBT - Lipjan UBT - Lipjan Disertacionet 05/15/2018   043.3 Hoti, A 2014 002-3004222 05/15/2018 05/15/2018 Books
UBT Library © 2015-2024. All rights reserved University Education for Business and Technology